01553nam a2200373 a 450000100060000000300080000600500170001400600190003100700150005000800410006502400160010603500230012203500240014503500250016903500210019404000260021505000210024108000080026208200120027010000360028224501470031826000930046530000110055850000930056952001040066253301640076665000390093065000450096965500270101470000400104171000190108185600620110099900170116293762FlNmELB20241217172227.0m o d | cr cn|||||||||201201r2010 cu |||||s|||||||||||spa d8 z71208045110 a(MiAaPQ)EBC3202155 a(Au-PeEL)EBL3202155 a(CaPaEBR)ebr10609131 a(OCoLC)929378596 aFlNmELBbspacFlNmELB 4aQA76bB6415 2010 a00404a0042221 aBlanco Llano, Francisco Javier.10aDiseño de procesos claves para el mejoramiento de la calidad en proyectos de softwareh[recurso electronico]cFrancisco Javier Blanco Llano. aLa Habana :bInstituto Superior Politécnico José Antonio Echeverría. CUJAE,c2010. a179 p. aTesis (maestría) - Instituto Superior Politécnico José Antonio Echeverría CUJAE. aMuestra un diseño de procesos claves para el mejoramiento de la calidad en proyectos de software. aRecurso electrónico. Santa Fe, Arg.: e-libro, 2015. Disponible vía World Wide Web. El acceso puede estar limitado para las bibliotecas afiliadas a e-libro. 4aComputers.xProgramming.xGeneral. 4aComputadoras.xProgramación.xGeneral. 4aLibros electrónicos.1 aRodríguez Hernández, Aida.4drt2 ae-libro, Corp.40uhttps://elibro.net/ereader/politecnicointernacional/85824 c93762d93762